LIBRARY & INFORMATION CENTRE, KCAET, TAVANUR

ONLINE PUBLIC ACCESS CATALOGUE (OPAC)

Human resource management in public service : A study of Orissa education service / (Record no. 35)

MARC details
000 -LEADER
fixed length control field 00599cam a2200217ua 4500
020 ## - INTERNATIONAL STANDARD BOOK NUMBER
ISBN 81-7099-408-X
041 ## - LANGUAGE CODE
Language code of text/sound track or separate title eng
082 ## - DEWEY DECIMAL CLASSIFICATION NUMBER
Classification number 331.795
Item number SAN/HU
100 ## - MAIN ENTRY--AUTHOR NAME
Personal name Santrupt, Misra .
245 ## - TITLE STATEMENT
Title Human resource management in public service : A study of Orissa education service /
250 ## - EDITION STATEMENT
Edition statement 1 /
260 ## - PUBLICATION, DISTRIBUTION, ETC. (IMPRINT)
Place of publication New Delhi :
Name of publisher Mittal Publications ,
Year of publication 1992.
300 ## - PHYSICAL DESCRIPTION
Number of Pages 188 ; .
650 ## - SUBJECT ADDED ENTRY--TOPICAL TERM
Topical Term Human Resource Management
942 ## - ADDED ENTRY ELEMENTS (KOHA)
Koha item type Books
003 - CONTROL NUMBER IDENTIFIER
control field @
003 - CONTROL NUMBER IDENTIFIER
control field OSt
Holdings
Withdrawn status Lost status Damaged status Home library Current library Date acquired Full call number Accession Number Koha item type
      KAUAET KAUAET 07/04/2012 331.795 20593 Reference
free website counter